| 000 | 00733nam a2200253 a 4500 | ||
|---|---|---|---|
| 005 | 20131029052713.0 | ||
| 008 | 840210s1983 nyua b 001 0 eng | ||
| 020 | _a0801416620 | ||
| 020 | _a0801492637 | ||
| 041 | 0 | _aeng | |
| 080 | _a327.39 | ||
| 100 | 1 | _aGellner, Ernest. | |
| 245 | 1 | 0 |
_aNations and nationalism / _cErnest Gellner. |
| 260 |
_aIthaca : _bCornell University Press, _c1983. |
||
| 300 |
_aviii, 150 p. : _bill. ; _c23 cm. |
||
| 440 | 0 | _aNew perspectives on the past | |
| 500 | _aEditor's Preface : f. [VII] - VIII | ||
| 500 | _aIncludes index. | ||
| 504 | _aBibliography: p. [144]-145. | ||
| 650 | 0 | _aNacionalizmi | |
| 650 | 0 | _2Marrëdhënie ndërkombëtare | |
| 650 | 0 | _aIndustrializimi | |
| 942 |
_2udc _cBK |
||
| 999 |
_c189 _d189 |
||